Poemas (Record no. 94766)

MARC details
000 -LEADER
campo de control de longitud fija 00633nam a2200193 i 4500
001 - NÚMERO DE CONTROL
campo de control 94766
003 - IDENTIFICADOR DE NÚMERO DE CONTROL
campo de control ES-MaACL
007 - CAMPO FIJO DE DESCRIPCIÓN FÍSICA--INFORMACIÓN GENERAL
campo de control de longitud fija t|
008 - DATOS DE LONGITUD FIJA--INFORMACIÓN GENERAL
campo de control de longitud fija 050516s2002 sp ||||1| spa d
100 1# - ENTRADA PRINCIPAL--NOMBRE DE PERSONA
Nombre de persona Milosz, O.V. de L.
9 (RLIN) 81298
245 10 - MENCIÓN DEL TÍTULO
Título Poemas
Resto del título : Las siete soledades. Sinfonías. Adramandoni. Confesión de Lemuel /
Mención de responsabilidad, etc. Oscar Wladislas de Lubicz-Milosz; traducción y prólogo de Augusto d'Halmar.
260 ## - PUBLICACIÓN, DISTRIBUCIÓN, ETC.
Lugar de publicación, distribución, etc. Madrid :
Nombre del editor, distribuidor, etc. [s.n.],
Fecha de publicación, distribución, etc. 1922 (
Fabricante Imp. Maroto)
300 ## - DESCRIPCIÓN FÍSICA
Extensión 110 p. ;
Dimensiones 20 cm.
490 1# - MENCIÓN DE SERIE
Mención de serie Auriga
700 1# - ENTRADA AGREGADA--NOMBRE PERSONAL
Nombre de persona Halmar, Augusto d'.
9 (RLIN) 61613
830 0# - PUNTO DE ACCESO ADICIONAL DE SERIE-TÍTULO UNIFORME
Título uniforme Auriga
9 (RLIN) 232159
852 ## - LOCALIZACIÓN
Ubicación ES-MaACL
Número de control de estantería G-3517
Holdings
Estatus retirado Estado de pérdida Estado de daño No para préstamo Biblioteca de origen Biblioteca actual Ubicación en estantería Fecha de adquisición Fuente de adquisición Total de préstamos Signatura topográfica completa Código de barras Visto por última vez Precio de reemplazo Tipo de ítem Koha
        Biblioteca del Ateneo de Madrid Biblioteca del Ateneo de Madrid Depósito 2 17/01/2008     G-3517 1098969 23/02/2023 23/02/2023 Libro impreso